A Classic English crime / (Record no. 523626)

000 -LEADER
fixed length control field 00990pam a2200277 a 4500
001 - CONTROL NUMBER
control field 2946042
003 - CONTROL NUMBER IDENTIFIER
control field NUST
005 - DATE AND TIME OF LATEST TRANSACTION
control field 20190516075254.0
008 - FIXED-LENGTH DATA ELEMENTS--GENERAL INFORMATION
fixed length control field 900927r19911990nyu 000 1 eng
010 ## - LIBRARY OF CONGRESS CONTROL NUMBER
LC control number 90084897
020 ## - INTERNATIONAL STANDARD BOOK NUMBER
International Standard Book Number 0892964561 :
Terms of availability $16.95
038 ## - RECORD CONTENT LICENSOR
Staff Name 0
040 ## - CATALOGING SOURCE
Original cataloging agency DLC
Transcribing agency DLC
Modifying agency DLC
050 00 - LIBRARY OF CONGRESS CALL NUMBER
Classification number PR1309.D4
Item number C56 1991
082 00 - DEWEY DECIMAL CLASSIFICATION NUMBER
Classification number 823/.087208
Edition number 20
245 02 - TITLE STATEMENT
Title A Classic English crime /
Statement of responsibility, etc. edited by Tim Heald.
260 ## - PUBLICATION, DISTRIBUTION, ETC.
Place of publication, distribution, etc. New York :
Name of publisher, distributor, etc. Mysterious Press,
Date of publication, distribution, etc. [1991]
300 ## - PHYSICAL DESCRIPTION
Extent 215 p. ;
Dimensions 24 cm.
500 ## - GENERAL NOTE
General note "13 stories for the Christie Centenary from the Crime Writers' Association."
650 #0 - SUBJECT ADDED ENTRY--TOPICAL TERM
Topical term or geographic name entry element Detective and mystery stories, English.
9 (RLIN) 8920
700 1# - ADDED ENTRY--PERSONAL NAME
Personal name Heald, Tim.
9 (RLIN) 14372
710 2# - ADDED ENTRY--CORPORATE NAME
Corporate name or jurisdiction name as entry element Crime Writers' Association (Great Britain)
9 (RLIN) 14373
906 ## - LOCAL DATA ELEMENT F, LDF (RLIN)
a 7
b cbc
c orignew
d 3
e opcn
f 19
g y-gencatlg
942 ## - ADDED ENTRY ELEMENTS (KOHA)
Source of classification or shelving scheme
Koha item type Book
Holdings
Withdrawn status Lost status Source of classification or shelving scheme Damaged status Not for loan Permanent Location Current Location Date acquired Total Checkouts Full call number Barcode Checked out Date last seen Date last checked out Price effective from Koha item type
          Central Library (CL) Central Library (CL) 05/16/2019 1 823/.087208 HEA CL-E-2098 05/26/2025 04/26/2025 04/26/2025 05/16/2019 Book
© 2023 Central Library, National University of Sciences and Technology. All Rights Reserved.